| 000 | 00719nam a2200229Ia 4500 | ||
|---|---|---|---|
| 005 | 20250508163856.0 | ||
| 008 | 008 250505s9999 xx 000 0 eng d | ||
| 020 | _a0-415-25679-8 | ||
| 037 | _aReference | ||
| 040 |
_aFEDL _beng _cFEDL |
||
| 041 |
_aeng _2eng |
||
| 084 |
_a371.102, LAU _qFEDL |
||
| 100 |
_aLaurillard Diana _9776632 |
||
| 245 | 0 | _aRethinking university teaching : A conversational framework for the effectives use of learning technologies | |
| 250 | _a2nd | ||
| 260 |
_aLondon, UK _bRoutledge Falmer _c2002 |
||
| 300 | _ax,268p. | ||
| 365 |
_aGBP _b18.99 |
||
| 650 |
_aTeaching; Higher education; Learning _9776633 |
||
| 942 |
_cREF _h371.102, LAU |
||
| 999 |
_c1385735 _d1385735 |
||